[Event "Gorges op 17th"]
[Site "Gorges"]
[Date "2007.??.??"]
[Round "7"]
[White "Guibert, Jeremy"]
[Black "Barbot, Pierre"]
[Result "1/2-1/2"]
[WhiteElo "1930"]
[BlackElo "1795"]
[PlyCount "117"]
[EventDate "2007.07.08"]
[EventType "swiss"]
[EventRounds "7"]
[EventCountry "FRA"]
[SourceTitle "CBM 119 Extra"]
[Source "ChessBase"]
[SourceDate "2007.09.04"]
[SourceVersion "1"]
[SourceVersionDate "2007.09.04"]
[SourceQuality "1"]

1. e4 c5 2. Nf3 Nc6 3. d4 cxd4 4. Nxd4 Nf6 5. Nc3 d6 6. f3 Nxd4 7. Qxd4 g6 8. Be3 Bg7 9. Bc4 0-0 10. Qd2 Bd7 11. 0-0 Rc8 12. Bb3 a6 13. Bh6 Bxh6 14. Qxh6 Qa5 15. Qe3 Bc6 16. Rfd1 Rc7 17. Rd2 b5 18. Rad1 Rfc8 19. a3 Bb7 20. Kh1 Nd7 21. Nd5 Bxd5 22. exd5 Nc5 23. Ba2 Na4 24. c3 Nb6 25. Rc1 b4 26. axb4 Qxa2 27. Qxb6 Rxc3 28. Rxc3 Rxc3 29. h3 Rc1+ 30. Kh2 Qc4 31. Qd4 Qxd4 32. Rxd4 Rc2 33. b3 Rc3 34. h4 Rxb3 35. Kg3 Rb2 36. f4 h5 37. Kf3 Rb3+ 38. Kf2 Kf8 39. Ke2 Rb2+ 40. Kf3 Ke8 41. g3 Rb3+ 42. Kf2 Kd7 43. Rc4 Rd3 44. Rc6 Rxd5 45. Rxa6 Rb5 46. Ra7+ Ke6 47. Ra4 Rb7 48. Kf3 f5 49. Ke3 Kd5 50. Kd3 Rb6 51. Ra5+ Kc6 52. Kc3 d5 53. Ra7 Kd6 54. Ra8 d4+ 55. Kc4 e5 56. fxe5+ Kxe5 57. Re8+ Kf6 58. Rd8 Ke5 59. Re8+ 1/2-1/2